José Figueres Ferrer y su aporte al sistema electoral costarricense /

Spremljeno u:
Bibliografski detalji
Glavni autor: Fonseca Montoya, Oscar
Format: Tekst
Teme:
Oznake: Dodaj oznaku
Bez oznaka, Budi prvi tko označuje ovaj zapis!

MARC

LEADER 00000 a a2200000 04500
001 16881
003
040
100 |a Fonseca Montoya, Oscar  
245 |a José Figueres Ferrer y su aporte al sistema electoral costarricense /  |c Oscar Fonseca Montoya 
650 |a POLITICA  
650 |a JEFE DE ESTADO  
650 |a COSTA RICA  
773 |g volumen 14, número 1,2,3; páginas 101-105  
999 |c 34771  |d 34771